CBDE business studies : (Record no. 101628)

MARC details
000 -LEADER
fixed length control field 00614nam a22002057a 4500
005 - DATE AND TIME OF LATEST TRANSACTION
control field 20160729173311.0
010 ## - LCCN (DPL NO)
LC control number ENG-115586
020 ## - INTERNATIONAL STANDARD BOOK NUMBER
International Standard Book Number 9789352550128
Terms of availability 350.00
035 ## - SYSTEM CONTROL NUMBER
System control number EN-99118
037 ## - SOURCE OF ACQUISITION
Source of stock number/acquisition DBAD/PUB
082 ## - DEWEY DECIMAL CLASSIFICATION NUMBER
Classification number 650
100 ## - MAIN ENTRY--PERSONAL NAME
Personal name Gupta ,C .D.
245 ## - TITLE STATEMENT
Title CBDE business studies :
Statement of responsibility, etc by C.D Gupta. [and] S. Mukherjee .
Remainder of title [Class XI] /
260 ## - PUBLICATION, DISTRIBUTION, ETC. (IMPRINT)
Place of publication, distribution, etc New Delhi
Name of publisher, distributor, etc New Central Book Agency
Date of publication, distribution, etc 2016
270 ## - ADDRESS
Address 8/1,Chintamoni Das Lane
City Kolkata
Postal code 700009
300 ## - PHYSICAL DESCRIPTION
Extent xxiv,434p.
Dimensions 24cm(pbk)
500 ## - GENERAL NOTE
General note Includes index
700 ## - ADDED ENTRY--PERSONAL NAME
Personal name Mukherjee,C.D.
942 ## - ADDED ENTRY ELEMENTS (KOHA)
Source of classification or shelving scheme Dewey Decimal Classification
Item type English Books
Call number suffix GUP
Classification part 808.6
Holdings
Withdrawn status Lost status Not for loan Collection code Home library Current library Date acquired Source of acquisition Cost, normal purchase price Full call number Barcode Copy number Cost, replacement price Koha item type
    Not For Loan Non-fiction D.B.Act.Division Bawana 29/07/2016 DBAD/PUB 350.00 808.6 GUP EN-99118 1 350.00 English Books

© Delhi Public Library
Hit Counter
free hit counter